| 000 | nam a22 7a 4500 | ||
|---|---|---|---|
| 999 |
_c4814 _d4814 |
||
| 003 | AKMAL | ||
| 005 | 20200225125155.0 | ||
| 008 | 200225t2007 tnu e b 000 0 eng d | ||
| 020 |
_a9780785288961 _cRM35.00 |
||
| 040 | _aAKMAL | ||
| 082 | 0 | 0 |
_a650.1 MAX _222 |
| 090 | 2 | 0 |
_a650.1 _bMAX |
| 100 | 1 |
_aMaxwell, John C., _d1947- _91292 |
|
| 245 | 1 | 0 |
_aTalent is never enough : _bdiscover the choices that will take you beyond your talent / _cJohn C. Maxwell |
| 260 |
_aNashville, TN : _bThomas Nelson, _c2007 |
||
| 300 |
_ax, 283p. ; _c21cm. |
||
| 504 | _aIncludes bibliographical references | ||
| 650 | 1 | 0 |
_aAbility _91168 |
| 650 | 2 | 0 |
_aSuccess _92 |
| 942 |
_2ddc _cBOOK |
||